ABCD TV Quiz Stats

 Plays Quiz Updated Sep 28, 2017

Challenge
Share
Tweet
Embed
Score 0/20 Timer 04:00
13 Plays Today
Question Answer Wrong Answers
The _____ Bang Theory (2007 - present)
Jim Parsons, Kaley Cuoco
Big
97.2%
American
0.2%
Chicago
0%
Dead
0.1%
The Walking _____ (2010 - present)
Andrew Lincoln, Norman Reedus
Dead
97.1%
American
0.2%
Big
0.2%
Chicago
0%
Drop _____ Diva (2009 - 2014)
Brooke Elliott, Margaret Cho
Dead
96.6%
American
0.4%
Big
0.4%
Chicago
0.1%
_____ Horror Story (2011 - present)
Sarah Paulson, Jessica Lange
American
96.4%
Big
0.5%
Chicago
0.3%
Dead
0.3%
_____ Brother (2000 - present)
Julie Chen
Big
96%
American
1%
Chicago
0.2%
Dead
0.3%
The Greatest _____ Hero (1981 - 1983)
William Katt, Robert Culp
American
95.6%
Big
0.8%
Chicago
0.5%
Dead
0.5%
_____ Dad! (2005 - present)
Seth MacFarlane, Wendy Schaal
American
95.3%
Big
1.5%
Chicago
0.4%
Dead
0.4%
_____ Ninja Warrior (2009 - present)
Matt Iseman, Akbar Gbaja-Biamila
American
94.8%
Big
1.5%
Chicago
0.5%
Dead
0.6%
The _____ Zone (2002 - 2007)
Anthony Michael Hall, Nicole de Boer
Dead
94.4%
American
1.2%
Big
1.2%
Chicago
0.6%
_____ P.D. (2014 - present)
Jason Beghe, Sophia Bush
Chicago
92.8%
American
3.6%
Big
0.6%
Dead
0.5%
_____ Fire (2012 - present)
Jesse Spencer, Taylor Kinney
Chicago
92.2%
American
2.2%
Big
2.2%
Dead
0.7%
The _____ C (2010 - 2013)
Laura Linney, Oliver Platt
Big
92.1%
American
1.3%
Chicago
1.5%
Dead
2.4%
Ash vs Evil _____ (2015 - present)
Bruce Campbell, Lucy Lawless
Dead
87.7%
American
6.2%
Big
1.6%
Chicago
1.8%
_____ Med (2015 - present)
Nick Gehlfuss, Yaya DaCosta
Chicago
81.9%
American
5.4%
Big
4.2%
Dead
5.8%
_____ Gods (2017 - present)
Ricky Whittle, Emily Browning
American
81.6%
Big
6.2%
Chicago
1.8%
Dead
7.7%
_____ Love (2006 - 2011)
Bill Paxton, Jeanne Tripplehorn
Big
81.5%
American
10.1%
Chicago
3.6%
Dead
2.1%
_____ Like Me (2003 - 2004)
Ellen Muth, Callum Blue
Dead
78%
American
3.4%
Big
15.8%
Chicago
0.2%
_____ Hope (1994 - 2000)
Adam Arkin, Hector Elizondo
Chicago
77.6%
American
9.2%
Big
8.5%
Dead
2.2%
The _____ Valley (1965 - 1969)
Richard Long, Barbara Stanwyck
Big
62.9%
American
5.9%
Chicago
3.5%
Dead
25%
_____ Justice (2017)
Philip Winchester, Jon Seda
Chicago
31.1%
American
61.4%
Big
3.5%
Dead
1.6%

You're not logged in!

Compare scores with friends on all Sporcle quizzes.
Join for Free
OR
Log In

You Might Also Like...

Show Comments

Extras

Top Quizzes Today


Score Distribution

Your Account Isn't Verified!

In order to create a playlist on Sporcle, you need to verify the email address you used during registration. Go to your Sporcle Settings to finish the process.

Report this User

Report this user for behavior that violates our Community Guidelines.

Details: